000 00630nam a2200217 a 4500
001 18186
003 CO-ViMGA
008 141112s2004 ck r 000 u spa d
020 _a9501750027
040 _aCO-ViMGA
_bspa
_cCO-ViMGA
082 0 4 _a615.532 L454h
100 1 _aLiniado, Jorge
_925878
245 1 0 _aHomeopatía :
_bBienestar y longevidad
260 _aBuenos Aires (Argentina),
_c2002
300 _a158.p.
590 _aForma de adquisición : Premio - Mincultura
650 1 4 _aHOMEOPATIA
_915804
650 1 4 _aHOMEOPATIA - MEDICINAS Y TERAPEUTICA
_925879
650 1 4 _aMEDICINA BIOQUIMICA
_925880
942 _2ddc
_cBK
999 _c27548
_d27548